Physics: (Record no. 192865)

MARC details
000 -LEADER
fixed length control field 02144nam a22001817a 4500
005 - DATE AND TIME OF LATEST TRANSACTION
control field 20231130142644.0
010 ## - LCCN (DPL NO)
LC control number ENG-135333
020 ## - INTERNATIONAL STANDARD BOOK NUMBER
International Standard Book Number 9789392518089
Terms of availability 695.00
035 ## - SYSTEM CONTROL NUMBER
System control number EN-118865
037 ## - SOURCE OF ACQUISITION
Source of stock number/acquisition DBAD/PUB
082 ## - DEWEY DECIMAL CLASSIFICATION NUMBER
Classification number 540
100 ## - MAIN ENTRY--PERSONAL NAME
Personal name Sukhatankar, K.V.
245 ## - TITLE STATEMENT
Title Physics:
Remainder of title MCQs for Competitive Exam/
Statement of responsibility, etc by K.V. Sukhatankar
260 ## - PUBLICATION, DISTRIBUTION, ETC. (IMPRINT)
Place of publication, distribution, etc Ahmedabad
Name of publisher, distributor, etc Prabha Publishing House
Date of publication, distribution, etc 2022
270 ## - ADDRESS
Address B-7, Krishan Darshan Apartment Opp. Nava Vadaj Chauki
City Ahmedabad
Postal code 380013
Telephone number 9998949394
Electronic mail address prabhapublishinghouse@gmail.com
300 ## - PHYSICAL DESCRIPTION
Extent 300p.
Dimensions 21cm(pbk)
942 ## - ADDED ENTRY ELEMENTS (KOHA)
Source of classification or shelving scheme Dewey Decimal Classification
Item type English Books
Call number suffix SUK
Classification part 540
Holdings
Withdrawn status Lost status Not for loan Collection code Home library Current library Date acquired Source of acquisition Cost, normal purchase price Full call number Barcode Copy number Cost, replacement price Koha item type
      Non-fiction Vinoba Puri Vinoba Puri 07/10/2022 DBAD/PUB 95.00 540 SUK EN-118865 1 695.00 English Books

© Delhi Public Library
Hit Counter
free hit counter